Takeoff Charting Songs (Billboard Hot Rap / R&B) - Statistics

General Stats
  • This quiz has been taken 7 times
    4 since last reset
  • The average score is 5 of 10
Answer Stats
Album Weeks On Peak Artist(s) Song % Correct
Heroes & Villains 1 Week #23 Metro Boomin & A$AP Rocky ft. Takeoff Feel the Fiyaaaah
75%
God Did 1 Week #22 DJ Khaled ft. Quavo & Takeoff Party
75%
The Last Rocket 1 Week #50 Takeoff Casper
50%
Only Built for Infinity Links 1 Week #48 Quavo, Takeoff, Young Thug & Gunna Chocolate
50%
Huncho Jack 3 Weeks #27 Huncho Jack ft. Takeoff Eye 2 Eye
50%
Only Built for Infinity Links 27 Weeks #12 Quavo & Takeoff Hotel Lobby (Unc & Phew)
50%
Only Built for Infinity Links 1 Week #44 Quavo & Takeoff Nothing Changed
50%
Only Built for Infinity Links 3 Weeks #24 Quavo & Takeoff ft. YoungBoy Never Broke Again To the Bone
50%
The Last Rocket 2 Weeks #25 Takeoff Last Memory
25%
Only Built for Infinity Links 2 Weeks #42 Quavo & Takeoff Messy
25%
No matching quizzes found
Score Distribution
Percent of People with Each Score
Percentile by Number Answered
Your Score History
You have not taken this quiz since the last reset